Caso que trata la deuda del Obispo de Cádiz con el Prior de Burgos

Detalles Bibliográficos
Formato: Libro
Publicado: Burgos, s.f.
Materias:
Colección:Banco de datos
Acervo:Biblioteca Palafoxiana. Colección de Manuscritos
Descripción Física:1 f. ; 31 x 21 cm.
Tema general:Eclesiástica
LEADER 00375nam a22001330004500
035 |a 1109 
245 1 0 |a Caso que trata la deuda del Obispo de Cádiz con el Prior de Burgos 
260 |a Burgos, s.f. 
300 |a 1 f. ; 31 x 21 cm. 
650 1 0 |a Eclesiástica 
949 |a 19948/020 
942 |c PALAMANU 
943 |g Biblioteca Palafoxiana. Colección de Manuscritos 
999 |c 1069054  |d 1069054